Avengers Infinity War Disinigrations - Statistics

General Stats
  • This quiz has been taken 104 times
  • The average score is 10 of 12
Answer Stats
Answer % Correct
Spider-Man
96%
Star Lord
95%
Drax
91%
Groot
91%
Mantis
91%
Black Panther
89%
Doctor Strange
89%
Scarlet Witch
86%
Falcon
84%
Winter Soldier
81%
Nick Fury
77%
Maria Hill
70%
No matching quizzes found
Score Distribution
Percent of People with Each Score
Percentile by Number Answered
Your Score History
You have not taken this quiz